书目信息 |
| 题名: |
生命的喝彩
|
|
| 作者: | ;新华月报 编 | |
| 分册: | ||
| 出版信息: | 北京 人民出版社 2008.10 |
|
| 页数: | 156页 | |
| 开本: | 23cm | |
| 丛书名: | ||
| 单 册: | ||
| 中图分类: | G811.228 | |
| 科图分类: | ||
| 主题词: | 世界残疾人运动会--北京市--2008--简介 | |
| 电子资源: | ||
| ISBN: | 978-7-01-007363-7 | |
| 000 | 01088nam0 2200229 450 | |
| 001 | wxs-0819-0540 | |
| 005 | 20100812162325.25 | |
| 010 | @a978-7-01-007363-7@dCNY24.00 | |
| 100 | @a20100515d2008 em y0chiy0110 ea | |
| 101 | 0 | @achi |
| 102 | @aCN@b110000 | |
| 105 | @aa z 000yy | |
| 200 | 1 | @a生命的喝彩@Asheng ming de he cai@e北京残奥会回眸@f新华月报编 |
| 210 | @a北京@c人民出版社@d2008.10 | |
| 215 | @a156页@c图@d23cm | |
| 330 | @a《生命的喝彩——北京残奥会回眸》一书分《精彩开幕:和梦一起飞》、《赛场英雄:感动世界 激励世人》、《圆满落幕:给未来的信》、《温暖记忆:北京残奥会传递真爱与梦想》等4个部分,真实记录和全面反映了北京残奥会盛况,凸显了各国残疾人运动员在赛场上展现出的超强技艺、顽强意志和自强精神,诠释了本届残奥会“同属一个世界,共求美好梦想”的主题和“超越、融合、共享”的理念,是一部具有较强可读性、资料性和思想启迪性的残奥会档案。 | |
| 517 | 1 | @a北京残奥会回眸@Abei jing can ao hui hui mou |
| 606 | 0 | @a世界残疾人运动会@y北京市@z2008@j简介 |
| 690 | @aG811.228@v4 | |
| 711 | 02 | @a新华月报@Axin hua yue bao@4编 |
| 801 | 0 | @aCN@c20100515 |
| 905 | @dG811.228@eX532@f5 | |
| 生命的喝彩:北京残奥会回眸/新华月报编.-北京:人民出版社,2008.10 |
| 156页:图;23cm |
| ISBN 978-7-01-007363-7:CNY24.00 |
| 《生命的喝彩——北京残奥会回眸》一书分《精彩开幕:和梦一起飞》、《赛场英雄:感动世界 激励世人》、《圆满落幕:给未来的信》、《温暖记忆:北京残奥会传递真爱与梦想》等4个部分,真实记录和全面反映了北京残奥会盛况,凸显了各国残疾人运动员在赛场上展现出的超强技艺、顽强意志和自强精神,诠释了本届残奥会“同属一个世界,共求美好梦想”的主题和“超越、融合、共享”的理念,是一部具有较强可读性、资料性和思想启迪性的残奥会档案。 |
| ● |
| 相关链接 |
|
|
|
正题名:生命的喝彩
索取号:G811.228/X532
 
预约/预借
| 序号 | 登录号 | 条形码 | 馆藏地/架位号 | 状态 | 备注 |
| 1 | 1026648 | 210266488 | 社科二线422/409社科库 21排2列3层/ [索取号:G811.228/X532] | 在馆 | |
| 2 | 1026649 | 210266497 | 社科库409/409社科库 21排2列3层/ [索取号:G811.228/X532] | 在馆 | |
| 3 | 1026650 | 210266503 | 社科二线422/409社科库 21排2列3层/ [索取号:G811.228/X532] | 在馆 | |
| 4 | 1026651 | 210266512 | 社科库409/409社科库 21排2列3层/ [索取号:G811.228/X532] | 在馆 | |
| 5 | 1026652 | 210266521 | 社科二线422/409社科库 21排2列3层/ [索取号:G811.228/X532] | 在馆 |